[Event "Asia-ch (Women) Blitz"]
[Site "Al Ain"]
[Date "2025.05.10"]
[Round "2"]
[White "Priyanka, Nutakki"]
[Black "Ahlam, Rashed"]
[Result "1-0"]
[WhiteElo "2277"]
[BlackElo "1922"]
[PlyCount "51"]
[EventDate "2025.05.10"]
[EventType "swiss (blitz)"]
[EventRounds "9"]
[EventCountry "UAE"]
[SourceTitle "CB20_2025"]
[SourceDate "2025.05.14"]
[SourceVersion "1"]
[SourceVersionDate "2025.05.14"]
[SourceQuality "1"]

1. Nf3 Nf6 2. c4 c5 3. Nc3 Nc6 4. e3 e6 5. d4 cxd4 6. exd4 d5 7. cxd5 exd5 8. Bb5 Bb4 9. 0-0 0-0 10. h3 h6 11. Bf4 Re8 12. Rc1 a6 13. Bxc6 bxc6 14. Na4 Bd7 15. a3 Bf8 16. Ne5 Rc8 17. Qd3 Ne4 18. Nxd7 Qxd7 19. Nb6 Qf5 20. Bh2 Rcd8 21. Rxc6 Qg5 22. Bc7 Rc8 23. Nxc8 Rxc8 24. Qxa6 Rxc7 25. Rxc7 Qf4 26. Rc8 1-0

[Event "Bangkok op 22nd"]
[Site "Bangkok"]
[Date "2025.04.13"]
[Round "1"]
[White "Ahlam, Rashed"]
[Black "Gustafsson, Jan"]
[Result "0-1"]
[WhiteElo "1940"]
[BlackElo "2601"]
[PlyCount "80"]
[EventDate "2025.04.13"]
[EventType "swiss"]
[EventRounds "9"]
[EventCountry "THA"]
[SourceTitle "CB17_2025"]
[SourceDate "2025.04.23"]
[SourceVersion "1"]
[SourceVersionDate "2025.04.23"]
[SourceQuality "1"]

1. d4 d5 2. c4 e6 3. Nc3 c6 4. e3 Nd7 5. Nf3 f5 6. cxd5 exd5 7. Bd3 Qf6 8. Qc2 Nh6 9. b3 Bd6 10. Bb2 0-0 11. 0-0 Qe7 12. Ne2 g6 13. Nf4 g5 14. Ne2 Nf6 15. Rfe1 Ne4 16. Ne5 Nf7 17. f3 Nxe5 18. dxe5 Bxe5 19. Bxe5 Qxe5 20. fxe4 fxe4 21. Bxe4 Qxe4 22. Qxe4 dxe4 23. Ng3 Bf5 24. Rad1 Bg6 25. Rd7 Rf7 26. Red1 Re8 27. b4 Re5 28. a4 a5 29. bxa5 Rxa5 30. Rxf7 Kxf7 31. Rd7+ Ke6 32. Rxb7 Rxa4 33. Ne2 c5 34. Rc7 Kd6 35. Rc8 Ra3 36. Kf2 Kd5 37. g4 Ra2 38. h3 Kc4 39. Rd8 Ra7 40. Rc8 Rf7+ 0-1

[Event "Kuwait op 1st"]
[Site "Kuwait City"]
[Date "2025.01.08"]
[Round "4"]
[White "Ahlam, Rashed"]
[Black "Vuelban, Virgilio"]
[Result "1/2-1/2"]
[WhiteElo "1935"]
[BlackElo "2237"]
[PlyCount "129"]
[EventDate "2025.01.05"]
[EventType "swiss"]
[EventRounds "9"]
[EventCountry "KUW"]
[SourceTitle "CB03_2025"]
[SourceDate "2025.01.15"]
[SourceVersion "1"]
[SourceVersionDate "2025.01.15"]
[SourceQuality "1"]

1. d4 Nf6 2. c4 g6 3. g3 Bg7 4. Bg2 0-0 5. Nc3 d6 6. Nf3 c6 7. e4 Qa5 8. 0-0 e5 9. h3 Nbd7 10. Qe2 Re8 11. Rd1 a6 12. Be3 b5 13. a3 Bb7 14. b4 Qc7 15. dxe5 Nxe5 16. Nxe5 dxe5 17. c5 Rad8 18. Ra2 Nd7 19. h4 Nf8 20. Bh3 Bc8 21. Bxc8 Qxc8 22. Rad2 Ne6 23. f3 Rxd2 24. Rxd2 Rd8 25. Qd1 Rxd2 26. Qxd2 Nd4 27. Kg2 Qe6 28. f4 h5 29. fxe5 Qxe5 30. Bf4 Qe6 31. Qd3 Qb3 32. e5 Ne6 33. Qd2 Qc4 34. Kh2 Nd4 35. Kg2 Kh7 36. Ne4 Qd5 37. Qe3 Nc2 38. Qe2 Nxa3 39. Qf3 Kh8 40. Qxa3 Qxe4+ 41. Kf2 Bxe5 42. Bxe5+ Qxe5 43. Qxa6 Qd4+ 44. Kg2 Qd5+ 45. Kg1 Kg7 46. Qa1+ f6 47. Qa7+ Qf7 48. Qa8 Qd7 49. Qb8 Kf7 50. Qf4 Qd5 51. Qe3 Qe5 52. Qd3 Qe6 53. Qd4 Kg7 54. Kf2 Qf5+ 55. Kg1 Qf3 56. Qd7+ Kh6 57. Qd2+ g5 58. hxg5+ fxg5 59. Qd6+ Kg7 60. Qe7+ Kg6 61. Qe8+ Kg7 62. Qe7+ Kg6 63. Qe8+ Kf5 64. Qd7+ Kg6 65. Qe8+ 1/2-1/2

[Event "Arab-ch Rapid (Women)"]
[Site "Sharjah"]
[Date "2024.11.10"]
[Round "3"]
[White "Ahlam, Rashed"]
[Black "Romany, Joy"]
[Result "0-1"]
[WhiteElo "1879"]
[BlackElo "1934"]
[PlyCount "66"]
[EventDate "2024.11.10"]
[EventType "swiss (rapid)"]
[EventRounds "7"]
[EventCountry "UAE"]
[SourceTitle "CB47_2024"]
[SourceDate "2024.11.20"]
[SourceVersion "1"]
[SourceVersionDate "2024.11.20"]
[SourceQuality "1"]

1. Nf3 d5 2. g3 Nf6 3. Bg2 e6 4. d4 b5 5. 0-0 Bb7 6. b3 Be7 7. Bb2 0-0 8. Nbd2 c5 9. c4 dxc4 10. bxc4 bxc4 11. dxc5 Na6 12. Nxc4 Nxc5 13. Rc1 Rc8 14. Nce5 Qb6 15. Ba1 Rfd8 16. Qe1 Nce4 17. Nc4 Qa6 18. Nfd2 Bb4 19. Bxf6 Nxf6 20. Bxb7 Qxb7 21. Rb1 Qe7 22. Rc1 Ne4 23. Qd1 Nxd2 24. Nxd2 Rxc1 25. Qxc1 Bxd2 26. Qc2 Ba5 27. Rb1 Bb6 28. e3 h6 29. a4 Qc5 30. Qe4 Qd5 31. Qh4 Qf3 32. h3 Rd2 33. g4 g5 0-1

[Event "Kazan BRICS Games Blitz Team"]
[Site "Kazan"]
[Date "2024.06.21"]
[Round "8.7"]
[White "Ahlam, Rashed"]
[Black "Nepando, Jolly"]
[Result "1-0"]
[WhiteElo "1926"]
[BlackElo "1642"]
[PlyCount "101"]
[EventDate "2024.06.21"]
[EventType "team-swiss (blitz)"]
[EventRounds "11"]
[EventCountry "RUS"]
[SourceTitle "CBM 220 Extra"]
[Source "ChessBase"]
[SourceDate "2024.07.31"]
[SourceVersion "1"]
[SourceVersionDate "2024.07.31"]
[SourceQuality "1"]
[WhiteTeam "United Arab Emirates"]
[BlackTeam "Namibia"]
[WhiteTeamCountry "UAE"]
[BlackTeamCountry "NAM"]

1. Nf3 d5 2. c4 c6 3. g3 Bg4 4. Bg2 e6 5. Ne5 Bf5 6. 0-0 Bd6 7. d4 Nd7 8. Nxd7 Qxd7 9. c5 Bc7 10. Nc3 Nf6 11. b4 b6 12. Bg5 Bd8 13. Bf4 h6 14. h4 0-0 15. Rc1 Bc7 16. Bxc7 Qxc7 17. Re1 e5 18. cxb6 axb6 19. Nxd5 Nxd5 20. Bxd5 Qd6 21. Bxc6 exd4 22. Bxa8 Rxa8 23. Qd2 Qd5 24. Red1 Bh3 25. f3 Rxa2 26. Qxd4 Qxd4+ 27. Rxd4 Rxe2 28. g4 Rg2+ 29. Kh1 Rf2 30. Rd3 Re2 31. Rcd1 Bg2+ 32. Kg1 Bh3 33. R3d2 Re6 34. Kh2 Bxg4 35. fxg4 Re4 36. Rd4 Re2+ 37. Kg3 Re3+ 38. Kf4 g5+ 39. Kxe3 gxh4 40. Rh1 Kg7 41. Rxh4 Kg6 42. Rd6+ Kg5 43. Rhxh6 Kxg4 44. Rh8 Kg5 45. Rd5+ Kf6 46. Rh6+ Kg7 47. Rxb6 Kf8 48. Kf4 Kg7 49. Kf5 Kf8 50. Kf6 Ke8 51. Rb8# 1-0

[Event "Kazan BRICS Games Blitz Team"]
[Site "Kazan"]
[Date "2024.06.21"]
[Round "4.11"]
[White "Ahlam, Rashed"]
[Black "Omurbekova, Diana"]
[Result "0-1"]
[WhiteElo "1926"]
[BlackElo "1776"]
[PlyCount "97"]
[EventDate "2024.06.21"]
[EventType "team-swiss (blitz)"]
[EventRounds "11"]
[EventCountry "RUS"]
[SourceTitle "CBM 220 Extra"]
[Source "ChessBase"]
[SourceDate "2024.07.31"]
[SourceVersion "1"]
[SourceVersionDate "2024.07.31"]
[SourceQuality "1"]
[WhiteTeam "United Arab Emirates"]
[BlackTeam "Kyrgyzstan"]
[WhiteTeamCountry "UAE"]
[BlackTeamCountry "KGZ"]

1. Nf3 Nf6 2. c4 g6 3. g3 Bg7 4. Bg2 d6 5. 0-0 c6 6. Nc3 0-0 7. d4 Bf5 8. Re1 Ne4 9. Nh4 Nxc3 10. bxc3 Be6 11. Qd3 d5 12. c5 f5 13. Rb1 b6 14. Ba3 b5 15. Bc1 Nd7 16. Nf3 Qa5 17. Ng5 Bf7 18. Nxf7 Rxf7 19. Qc2 e5 20. Be3 Re8 21. f4 exd4 22. Bxd4 Bxd4+ 23. cxd4 Rfe7 24. Bf3 Qa3 25. Kg2 Qe3 26. Rbd1 Nf6 27. Rd3 Qe6 28. Rb3 Ne4 29. e3 a5 30. Rd3 a4 31. a3 Kg7 32. Qb2 h6 33. Qc2 g5 34. Rdd1 Kg6 35. Bxe4 fxe4 36. Kf2 Qh3 37. Kg1 gxf4 38. exf4 Kf5 39. Qf2 Qg4 40. Rd2 h5 41. Re3 Rg7 42. Kf1 Reg8 43. Ke1 h4 44. Kf1 Qh3+ 45. Qg2 Qxg2+ 46. Kxg2 hxg3 47. hxg3 Kg4 48. Rb2 Rh7 49. Rb1 0-1

[Event "Kazan BRICS Games Blitz (Women)"]
[Site "Kazan"]
[Date "2024.06.19"]
[Round "9"]
[White "Ahlam, Rashed"]
[Black "Amoko, Ivy Claire"]
[Result "1-0"]
[WhiteElo "1926"]
[BlackElo "1820"]
[PlyCount "57"]
[EventDate "2024.06.19"]
[EventType "swiss (blitz)"]
[EventRounds "11"]
[EventCountry "RUS"]
[SourceTitle "CBM 220 Extra"]
[Source "ChessBase"]
[SourceDate "2024.07.31"]
[SourceVersion "1"]
[SourceVersionDate "2024.07.31"]
[SourceQuality "1"]

1. Nf3 f5 2. g3 Nf6 3. Bg2 e6 4. 0-0 d5 5. c4 c6 6. d4 Bd6 7. b3 0-0 8. Nc3 Nbd7 9. Bg5 Qe8 10. Qd2 Ne4 11. Qc1 Nxg5 12. Qxg5 f4 13. Qg4 dxc4 14. Ne4 Bc7 15. bxc4 e5 16. Qh4 exd4 17. Nxd4 Nf6 18. Nxf6+ Rxf6 19. Qg5 Qf7 20. Rad1 Qxc4 21. Nb3 Qxe2 22. Rfe1 Qxa2 23. Re8+ Kf7 24. Qh5+ g6 25. Qxh7+ Kxe8 26. Qh8+ Rf8 27. Re1+ Kf7 28. Qh7+ Kf6 29. Qe7+ 1-0

[Event "Kazan BRICS Games Blitz (Women)"]
[Site "Kazan"]
[Date "2024.06.19"]
[Round "1"]
[White "Ahlam, Rashed"]
[Black "Librelato, Kathie Goulart"]
[Result "1-0"]
[WhiteElo "1926"]
[BlackElo "2181"]
[PlyCount "111"]
[EventDate "2024.06.19"]
[EventType "swiss (blitz)"]
[EventRounds "11"]
[EventCountry "RUS"]
[SourceTitle "CBM 220 Extra"]
[Source "ChessBase"]
[SourceDate "2024.07.31"]
[SourceVersion "1"]
[SourceVersionDate "2024.07.31"]
[SourceQuality "1"]

1. Nf3 Nf6 2. c4 e6 3. g3 d5 4. Bg2 dxc4 5. 0-0 a6 6. Qc2 c5 7. Qxc4 b5 8. Qc2 Bb7 9. d3 Be7 10. Be3 Nbd7 11. Nc3 0-0 12. Rfd1 Rc8 13. a3 Nb6 14. d4 cxd4 15. Rxd4 Nbd5 16. Qd2 Qc7 17. Nxd5 Nxd5 18. Rc1 Qxc1+ 19. Qxc1 Rxc1+ 20. Bxc1 Rc8 21. Rd1 Bf6 22. e4 Nb6 23. e5 Be7 24. Be3 Nd5 25. Bd4 h6 26. Nd2 Rc2 27. Ne4 Bc6 28. Nd6 Bd8 29. Be4 Re2 30. Bd3 Bb6 31. Bxe2 Bxd4 32. Rxd4 Kf8 33. Bf3 Ke7 34. Bxd5 Bxd5 35. Ne4 f6 36. exf6+ gxf6 37. Nc5 a5 38. Rd2 Kd6 39. Ne4+ Ke5 40. Nc3 Bc4 41. f4+ Kf5 42. Kf2 h5 43. h3 e5 44. fxe5 fxe5 45. b3 Bxb3 46. Nxb5 a4 47. Nc3 Ke6 48. Ke3 Kf5 49. Nb5 Kg5 50. Nd6 h4 51. Ne4+ Kh5 52. g4+ Kg6 53. Nc5 Bc4 54. Kf2 Bb5 55. Rb2 Bc6 56. Rb6 1-0

[Event "Kazan BRICS Games Blitz (Women)"]
[Site "Kazan"]
[Date "2024.06.19"]
[Round "3"]
[White "Ahlam, Rashed"]
[Black "Zairbek Kyzy, Begimay"]
[Result "1-0"]
[WhiteElo "1926"]
[BlackElo "1848"]
[PlyCount "57"]
[EventDate "2024.06.19"]
[EventType "swiss (blitz)"]
[EventRounds "11"]
[EventCountry "RUS"]
[SourceTitle "CBM 220 Extra"]
[Source "ChessBase"]
[SourceDate "2024.07.31"]
[SourceVersion "1"]
[SourceVersionDate "2024.07.31"]
[SourceQuality "1"]

1. Nf3 c6 2. c4 d5 3. g3 Nf6 4. Bg2 e6 5. b3 Be7 6. 0-0 0-0 7. Bb2 a5 8. d4 Na6 9. a3 b5 10. cxb5 cxb5 11. Ne5 Bb7 12. Nc3 b4 13. axb4 Nxb4 14. Rc1 Rc8 15. Qd2 Bd6 16. Rfd1 Bxe5 17. dxe5 Nd7 18. Nb5 Nc5 19. Qe3 Nd7 20. Nd6 Rxc1 21. Rxc1 Qb8 22. Nxb7 Qxb7 23. Qc3 Nb6 24. Qc7 Qa6 25. Qd6 Qxe2 26. Ba3 Qb5 27. Bf1 Nd3 28. Bxd3 Qxb3 29. Qxf8# 1-0

[Event "Kazan BRICS Games Blitz (Women)"]
[Site "Kazan"]
[Date "2024.06.19"]
[Round "6"]
[White "Padmini, Rout"]
[Black "Ahlam, Rashed"]
[Result "1-0"]
[WhiteElo "2348"]
[BlackElo "1926"]
[PlyCount "97"]
[EventDate "2024.06.19"]
[EventType "swiss (blitz)"]
[EventRounds "11"]
[EventCountry "RUS"]
[SourceTitle "CBM 220 Extra"]
[Source "ChessBase"]
[SourceDate "2024.07.31"]
[SourceVersion "1"]
[SourceVersionDate "2024.07.31"]
[SourceQuality "1"]

1. Nf3 d5 2. g3 Nf6 3. Bg2 c6 4. 0-0 Bf5 5. d4 e6 6. c4 Be7 7. Nc3 Nbd7 8. b3 h6 9. Bb2 0-0 10. e3 Rc8 11. Qe2 Ne4 12. Rfd1 b6 13. Ne5 Nxc3 14. Bxc3 Nf6 15. a4 Ne4 16. Be1 a5 17. f3 Nf6 18. e4 Bh7 19. Bf2 Qc7 20. Nd3 Rfd8 21. e5 Nd7 22. f4 Bxd3 23. Rxd3 Nb8 24. g4 Na6 25. f5 Nb4 26. Rf3 c5 27. fxe6 fxe6 28. dxc5 Bxc5 29. Rf1 Rf8 30. cxd5 Nxd5 31. Rxf8+ Rxf8 32. Bxd5 exd5 33. e6 Bxf2+ 34. Rxf2 Rxf2 35. Qxf2 Qe7 36. Qe2 d4 37. Kg2 d3 38. Qxd3 Qxe6 39. h3 Qc6+ 40. Kg3 Qc7+ 41. Kf3 Qf7+ 42. Ke3 Qe6+ 43. Kd2 Kf7 44. Kc3 Qc6+ 45. Qc4+ Qxc4+ 46. Kxc4 Ke6 47. Kb5 Ke5 48. Kxb6 Kf4 49. Kxa5 1-0

[Event "Dubai Police op-A"]
[Site "Dubai"]
[Date "2024.05.11"]
[Round "8"]
[White "Al Blooshi, Hamad Essa"]
[Black "Ahlam, Rashed"]
[Result "1-0"]
[WhiteElo "2206"]
[BlackElo "2225"]
[PlyCount "159"]
[EventDate "2024.05.04"]
[EventType "swiss"]
[EventRounds "9"]
[EventCountry "UAE"]
[SourceTitle "CBM 220 Extra"]
[Source "ChessBase"]
[SourceDate "2024.07.31"]
[SourceVersion "1"]
[SourceVersionDate "2024.07.31"]
[SourceQuality "1"]

1. d4 d5 2. c4 c6 3. Nf3 Nf6 4. Nc3 dxc4 5. a4 Bf5 6. Nh4 Bg4 7. h3 Bh5 8. g4 Bg6 9. Nxg6 hxg6 10. e3 e5 11. Bxc4 exd4 12. exd4 Bb4 13. Be3 Qd7 14. Qf3 Nd5 15. Bd2 Nb6 16. Bb3 a5 17. 0-0-0 Bxc3 18. Rhe1+ Kf8 19. bxc3 Nd5 20. Re5 Qd6 21. Rde1 Nd7 22. Re6 Qa3+ 23. Kc2 N7f6 24. Bc1 Nb4+ 25. cxb4 Qxb4 26. Bd2 Qxd4 27. Bc3 Qc5 28. R6e5 Qd6 29. g5 Nd5 30. Bxd5 cxd5 31. Rxd5 Qc6 32. Red1 Qxa4+ 33. Kb2 Re8 34. Rxa5 Qc4 35. Rad5 Re2+ 36. R1d2 Rxd2+ 37. Rxd2 Qb5+ 38. Kc2 Qxg5 39. Qxb7 Qf5+ 40. Kb2 Kg8 41. Qb8+ Kh7 42. Qe5 f6 43. Qxf5 gxf5 44. Rd3 Kg6 45. Kc2 f4 46. Kd2 Kf5 47. Ke2 Ke4 48. Bb2 Rc8 49. Rd4+ Kf5 50. Kf3 g5 51. Rd6 Rf8 52. Rb6 Rf7 53. Rb5+ Kg6 54. h4 Rh7 55. hxg5 fxg5 56. Rb6+ Kh5 57. Rb5 Rf7 58. Rb6 g4+ 59. Kg2 Rd7 60. Rb5+ Kg6 61. Bc1 Rd4 62. Rb8 Kf7 63. Rc8 Re4 64. Rc7+ Kg6 65. Rc6+ Kf7 66. Rc2 Kg6 67. Rd2 Kf7 68. Bb2 Rc4 69. Rd4 Rxd4 70. Bxd4 Kg6 71. Kf1 Kf5 72. Ke2 Ke4 73. Bb6 Kf5 74. Kd3 g3 75. f3 Ke5 76. Kc4 Kf5 77. Kd5 g2 78. Bg1 Kg6 79. Ke5 Kg5 80. Ke4 1-0

[Event "Dubai Police op-A"]
[Site "Dubai"]
[Date "2024.05.06"]
[Round "3"]
[White "Senthil, Maran K"]
[Black "Ahlam, Rashed"]
[Result "1-0"]
[WhiteElo "2365"]
[BlackElo "2225"]
[PlyCount "55"]
[EventDate "2024.05.04"]
[EventType "swiss"]
[EventRounds "9"]
[EventCountry "UAE"]
[SourceTitle "CBM 220 Extra"]
[Source "ChessBase"]
[SourceDate "2024.07.31"]
[SourceVersion "1"]
[SourceVersionDate "2024.07.31"]
[SourceQuality "1"]

1. d4 d5 2. c4 c6 3. Nf3 Nf6 4. Qb3 dxc4 5. Qxc4 Bf5 6. g3 e6 7. Bg2 Bd6 8. Nbd2 Ne4 9. Qb3 Qb6 10. 0-0 Nd7 11. Nc4 Qxb3 12. axb3 Bb4 13. Nh4 Nef6 14. Nxf5 exf5 15. Ne3 g6 16. d5 Ne4 17. dxc6 bxc6 18. g4 Rg8 19. gxf5 gxf5 20. Nxf5 Bc5 21. Bf4 Ndf6 22. Ng3 h5 23. Ra4 Nxg3 24. hxg3 Nd5 25. Rc1 Nxf4 26. Rxf4 Bd6 27. Bxc6+ Kd8 28. Rxf7 1-0

[Event "Arab-ch (Women)"]
[Site "Khartoum"]
[Date "2023.03.02"]
[Round "6"]
[White "Ahlam, Rashed"]
[Black "Mahmoud, Roula"]
[Result "0-1"]
[WhiteElo "1561"]
[BlackElo "1744"]
[PlyCount "137"]
[EventDate "2023.02.26"]
[EventType "swiss"]
[EventRounds "9"]
[EventCountry "SUD"]
[SourceTitle "CBM 213 Extra"]
[Source "ChessBase"]
[SourceDate "2023.05.31"]
[SourceVersion "1"]
[SourceVersionDate "2023.05.31"]
[SourceQuality "1"]

1. e4 e6 2. d4 a6 3. Nf3 b5 4. a3 Bb7 5. Nc3 Nf6 6. e5 Nd5 7. Nxd5 Bxd5 8. Be3 d6 9. exd6 Bxd6 10. Bd3 Nd7 11. Nd2 Qh4 12. Nf3 Qe7 13. a4 b4 14. c4 bxc3 15. bxc3 h6 16. 0-0 0-0 17. c4 Bxf3 18. Qxf3 c5 19. d5 Ne5 20. Qe2 exd5 21. cxd5 c4 22. Bc2 Rfe8 23. Qh5 Rad8 24. Rfd1 Bc5 25. Bxc5 Qxc5 26. Be4 Nd7 27. Bf3 Nf6 28. Qf5 Rd6 29. Rac1 Rb8 30. Qf4 Rb4 31. Rd4 Rxa4 32. Rdxc4 Rxc4 33. Qxc4 Qxc4 34. Rxc4 Nxd5 35. Rd4 Re6 36. Kf1 Nc3 37. Rc4 Nb5 38. Be2 g6 39. f4 Kg7 40. Ke1 Nd6 41. Ra4 Nb5 42. Rc4 Kf6 43. Kf2 a5 44. g4 a4 45. g5+ Kg7 46. Bg4 Ra6 47. Bd7 a3 48. gxh6+ Kxh6 49. Rc1 a2 50. Bxb5 a1Q 51. Rxa1 Rxa1 52. Be2 Ra2 53. Kf3 Kh5 54. Bc4 Ra3+ 55. Kg2 Ra6 56. Bxf7 Ra7 57. Be8 Re7 58. Bb5 Kg4 59. Bd3 Kxf4 60. h4 Re5 61. Bc4 Kg4 62. Bb5 Kxh4 63. Kh2 g5 64. Bd3 g4 65. Kg2 Ra5 66. Kg1 Kg3 67. Kf1 Kf3 68. Kg1 g3 69. Kf1 0-1

[Event "Arab-ch (Women)"]
[Site "Khartoum"]
[Date "2023.02.28"]
[Round "4"]
[White "Ahlam, Rashed"]
[Black "Fawaz, Nadia"]
[Result "1-0"]
[WhiteElo "1561"]
[BlackElo "1422"]
[PlyCount "49"]
[EventDate "2023.02.26"]
[EventType "swiss"]
[EventRounds "9"]
[EventCountry "SUD"]
[SourceTitle "CBM 213 Extra"]
[Source "ChessBase"]
[SourceDate "2023.05.31"]
[SourceVersion "1"]
[SourceVersionDate "2023.05.31"]
[SourceQuality "1"]

1. e4 c6 2. Nf3 d5 3. Nc3 e6 4. d4 Bb4 5. exd5 cxd5 6. Bd3 Qc7 7. Bd2 Nf6 8. 0-0 a6 9. Nb5 Qb6 10. Bxb4 axb5 11. Qe2 Bd7 12. Bc5 Qc6 13. Ne5 Qc7 14. Nxd7 Nfxd7 15. Bxb5 Nc6 16. Bxc6 Qxc6 17. Bb4 Nb6 18. f4 0-0-0 19. Ba5 Rd7 20. b3 h5 21. Rf3 Kb8 22. Qe5+ Ka7 23. Rc3 Qb5 24. Rc5 Qa6 25. Bb4 1-0